| 000 | nam a22 a 4500 | ||
|---|---|---|---|
| 999 |
_c1464 _d1464 |
||
| 003 | AKMAL | ||
| 005 | 20170509155140.0 | ||
| 008 | 170509s2008 my | e | f000 s may d | ||
| 020 |
_a9789834222543 (kkt.) : _cRM20.00 |
||
| 040 | _aAKMAL | ||
| 082 | _a306.09595 RAI | ||
| 090 | 0 | 0 |
_a306.09595 _bRAI |
| 100 | 0 |
_aRais Yatim, _cDatuk Seri Utama, _d1942- _92899 |
|
| 245 | 1 | 0 |
_aAlam terbentang menjadi guru : _bkoleksi ucapan YB Datuk Seri Utama Dr. Rais Yatim (Mac 2004-Mac 2008) |
| 260 |
_aKuala Lumpur : _bJabatan Kebudayaan Dan Kesenian Negara, _c2008 |
||
| 300 |
_a232ms. ; _c23cm. |
||
| 546 | _aTeks bahasa Malaysia dan Inggeris | ||
| 600 | 0 | 0 |
_aRais Yatim, _cDatuk Seri Utama, Dr., _d1942- _92900 |
| 650 | 2 | 0 |
_aRites and ceremonies _zMalaysia _92901 |
| 650 | 2 | 0 |
_aSpeeches, addresses, etc. _954 |
| 651 | 0 |
_aMalaysia _xSocial life and customs _9590 |
|
| 710 | 1 |
_aMalaysia. _bJabatan Kebudayaan dan Kesenian Negara _92902 |
|
| 942 |
_2ddc _cBOOK |
||